000
00313nam a22001337a 4500
041
_a
ENG
100
_a
V.G.Vaidya
245
_a
Introduction to Agronomy and soil and water management
260
_a
Pune
_b
Continental Prakashan
_c
1996
300
_a
329
440
_a
I
650
_a
Agronomy
700
_a
K.R. Sahshrabuddhe
999
_c
3
_d
3